| 000 | 00464nam a2200169Ia 4500 | ||
|---|---|---|---|
| 999 |
_c28230 _d28230 |
||
| 003 | OSt | ||
| 005 | 20201231132420.0 | ||
| 008 | 190216s9999||||xx |||||||||||||| ||und|| | ||
| 040 | _coclc | ||
| 082 |
_a894.812301 _bVAS/J |
||
| 100 |
_aVasu, A C _98033 |
||
| 245 | 0 |
_aJeesa / _cA C Vasu |
|
| 260 |
_bPoorna Publications, _c1993. _aKozhikode: |
||
| 300 | _a60p | ||
| 650 | _aKathakal | ||
| 942 |
_cBK _2ddc _h894.812301 _iVAS/J _k894.812301 _mVAS/J |
||